[Event "XXII. DBMM Schach"]
[Site "Dresden"]
[Date "2024.01.20"]
[Round "6.3"]
[Board "3"]
[White "Vossen, Dieter"]
[Black "Frahm, Werner"]
[Result "1-0"]
[WhiteElo "1758"]
[BlackElo "1535"]
[Annotator "fb"]
[PlyCount "61"]
[GameId "489223831048"]
[EventDate "2024.01.18"]
[EventType "team-swiss"]
[EventRounds "7"]
[EventCountry "GER"]
[Tiebreak "Buchholz"]
[SourceTitle "XXII. DBMM Schach"]
[Source "FV Schach e.V."]
[SourceDate "2024.01.21"]
[SourceVersion "1"]
[SourceVersionDate "2024.01.21"]
[SourceQuality "1"]
[WhiteTeam "BSG Commerzbank Frankfurt II"]
[BlackTeam "BA Tempelhof Berlin IV"]
[WhiteTeamCountry "GER"]
[BlackTeamCountry "GER"]

1. e4 c5 2. Nf3 Nc6 3. d4 cxd4 4. Nxd4 Nxd4 5. Qxd4 e6 6. Nc3 a6 7. Be3 Ne7 8. Qb6 Nc6 9. Qxd8+ Nxd8 10. Bb6 Nc6 11. O-O-O Bb4 12. Na4 Ba5 13. Be2 O-O 14. Bxa5 Nxa5 15. Nb6 Rb8 16. Nxd7 Bxd7 17. Rxd7 Nc6 18. Rhd1 Rfc8 19. f4 Rd8 20. e5 Kf8 21. Bf3 Ke8 22. Bxc6 bxc6 23. Rxd8+ Rxd8 24. Rxd8+ Kxd8 25. b4 Kc7 26. a4 Kb6 27. Kb2 a5 28. c3 Ka6 29. Kb3 Kb6 30. Kc4 axb4 31. cxb4 1-0

[Event "XXII. DBMM Schach"]
[Site "Dresden"]
[Date "2024.01.20"]
[Round "6.4"]
[Board "4"]
[White "Meseck, Michael"]
[Black "Machine, Kevin"]
[Result "1-0"]
[WhiteElo "1487"]
[BlackElo "1000"]
[Annotator "br"]
[PlyCount "71"]
[GameId "489223831049"]
[EventDate "2024.01.18"]
[EventType "team-swiss"]
[EventRounds "7"]
[EventCountry "GER"]
[Tiebreak "Buchholz"]
[SourceTitle "XXII. DBMM Schach"]
[Source "FV Schach e.V."]
[SourceDate "2024.01.21"]
[SourceVersion "1"]
[SourceVersionDate "2024.01.21"]
[SourceQuality "1"]
[WhiteTeam "BA Tempelhof Berlin IV"]
[BlackTeam "BSG Commerzbank Frankfurt II"]
[WhiteTeamCountry "GER"]
[BlackTeamCountry "GER"]

1. d4 d5 2. c4 Nf6 3. cxd5 Nxd5 4. e4 Nb4 5. d5 e6 6. a3 N4a6 7. Nc3 Nd7 8. dxe6 fxe6 9. b4 c5 10. b5 Nc7 11. a4 a5 12. Bc4 Ne5 13. Qh5+ Nf7 14. Be3 Qf6 15. Rc1 g6 16. Qe2 Nd6 17. Ba2 e5 18. Bxc5 Bh6 19. Rd1 Nf7 20. Be3 Bxe3 21. Qxe3 Bg4 22. f3 Rd8 23. Rxd8+ Nxd8 24. fxg4 Qh4+ 25. g3 Qxg4 26. Qf3 Qg5 27. Nge2 Nde6 28. O-O Nc5 29. Qf7+ Kd8 30. Rd1+ Kc8 31. Qf2 Qg4 32. Qxc5 b6 33. Qxb6 Na8 34. Qc6+ Kb8 35. Bd5 Rf8 36. Qb7# 1-0

[Event "XXII. DBMM Schach"]
[Site "Dresden"]
[Date "2024.01.21"]
[Round "7.1"]
[Board "1"]
[White "Meinhardt, Maximilian"]
[Black "Seger, Ruediger"]
[Result "1/2-1/2"]
[WhiteElo "2366"]
[BlackElo "2269"]
[Annotator "br"]
[PlyCount "20"]
[GameId "489223834040"]
[EventDate "2024.01.18"]
[EventType "team-swiss"]
[EventRounds "7"]
[EventCountry "GER"]
[Tiebreak "Buchholz"]
[SourceTitle "XXII. DBMM Schach"]
[Source "FV Schach e.V."]
[SourceDate "2024.01.21"]
[SourceVersion "1"]
[SourceVersionDate "2024.01.21"]
[SourceQuality "1"]
[WhiteTeam "d-fine Frankfurt"]
[BlackTeam "Deutsche Post Bonn"]
[WhiteTeamCountry "GER"]
[BlackTeamCountry "GER"]

1. e4 c6 2. Nc3 d5 3. Nf3 dxe4 4. Nxe4 Nf6 5. Qe2 Nxe4 6. Qxe4 Qa5 7. Qf4 Qf5 8. d3 Qxf4 9. Bxf4 Nd7 10. Be2 Nf6 1/2-1/2

[Event "XXII. DBMM Schach"]
[Site "Dresden"]
[Date "2024.01.21"]
[Round "7.4"]
[Board "4"]
[White "Dehmel, Jens"]
[Black "Yalcin, Alparslan"]
[Result "1/2-1/2"]
[WhiteElo "1964"]
[BlackElo "2136"]
[Annotator "br"]
[PlyCount "22"]
[GameId "489223834059"]
[EventDate "2024.01.18"]
[EventType "team-swiss"]
[EventRounds "7"]
[EventCountry "GER"]
[Tiebreak "Buchholz"]
[SourceTitle "XXII. DBMM Schach"]
[Source "FV Schach e.V."]
[SourceDate "2024.01.21"]
[SourceVersion "1"]
[SourceVersionDate "2024.01.21"]
[SourceQuality "1"]
[WhiteTeam "Deutsche Post Bonn"]
[BlackTeam "d-fine Frankfurt"]
[WhiteTeamCountry "GER"]
[BlackTeamCountry "GER"]

1. e4 e5 2. Nf3 Nc6 3. Bb5 a6 4. Ba4 Nf6 5. O-O Be7 6. Re1 b5 7. Bb3 d6 8. c3 O-O 9. h3 Re8 10. d4 Bb7 11. Nbd2 Bf8 1/2-1/2

[Event "XXII. DBMM Schach"]
[Site "Dresden"]
[Date "2024.01.21"]
[Round "7.1"]
[Board "1"]
[White "Thiede, Lars"]
[Black "Hoffmann, Hendrik"]
[Result "1-0"]
[WhiteElo "2420"]
[BlackElo "2271"]
[Annotator "br"]
[PlyCount "103"]
[GameId "489223834060"]
[EventDate "2024.01.18"]
[EventType "team-swiss"]
[EventRounds "7"]
[EventCountry "GER"]
[Tiebreak "Buchholz"]
[SourceTitle "XXII. DBMM Schach"]
[Source "FV Schach e.V."]
[SourceDate "2024.01.21"]
[SourceVersion "1"]
[SourceVersionDate "2024.01.21"]
[SourceQuality "1"]
[WhiteTeam "BA Tempelhof Berlin"]
[BlackTeam "le-tex Leipzig"]
[WhiteTeamCountry "GER"]
[BlackTeamCountry "GER"]

1. g3 g6 2. Bg2 Bg7 3. c4 c5 4. Nf3 Nf6 5. O-O O-O 6. Nc3 Nc6 7. d3 d6 8. a3 a5 9. Bg5 h6 10. Bd2 Be6 11. Rb1 d5 12. cxd5 Nxd5 13. Qc1 Nd4 14. Nxd4 cxd4 15. Nxd5 Bxd5 16. Bxd5 Qxd5 17. Bxh6 Rfc8 18. Qg5 Qe6 19. Bxg7 Kxg7 20. Qf4 Qxe2 21. Rfe1 Qxd3 22. Rbd1 Qf5 23. Qxd4+ e5 24. Rxe5 Qf6 25. Re7 b5 26. Qxf6+ Kxf6 27. Rdd7 Rf8 28. Rb7 Rad8 29. Rec7 Rd5 30. Rb6+ Kg7 31. Rcb7 Rc8 32. Rxb5 Rd2 33. Rb3 Rcc2 34. Rf3 Rxb2 35. Rfxf7+ Kh6 36. Rxb2 Rxb2 37. Ra7 Rb5 38. Kg2 Rc5 39. h4 g5 40. hxg5+ Kxg5 41. Kh3 Kf5 42. f3 Kg5 43. a4 Kg6 44. Kg4 Rc4+ 45. f4 Rxa4 46. Ra6+ Kf7 47. Kg5 Ra1 48. Ra7+ Kf8 49. g4 a4 50. Kf6 Ke8 51. g5 Ra3 52. g6 1-0

[Event "XXII. DBMM Schach"]
[Site "Dresden"]
[Date "2024.01.21"]
[Round "7.2"]
[Board "2"]
[White "Rohne, Lars"]
[Black "Kalinitschew, Sergej"]
[Result "0-1"]
[WhiteElo "2121"]
[BlackElo "2391"]
[Annotator "br"]
[PlyCount "88"]
[GameId "489223834061"]
[EventDate "2024.01.18"]
[EventType "team-swiss"]
[EventRounds "7"]
[EventCountry "GER"]
[Tiebreak "Buchholz"]
[SourceTitle "XXII. DBMM Schach"]
[Source "FV Schach e.V."]
[SourceDate "2024.01.21"]
[SourceVersion "1"]
[SourceVersionDate "2024.01.21"]
[SourceQuality "1"]
[WhiteTeam "le-tex Leipzig"]
[BlackTeam "BA Tempelhof Berlin"]
[WhiteTeamCountry "GER"]
[BlackTeamCountry "GER"]

1. e4 c5 2. Nc3 Nc6 3. Bb5 Nd4 4. Bc4 e6 5. Nge2 Nf6 6. O-O a6 7. d3 b5 8. Bb3 Nxb3 9. axb3 Bb7 10. Bg5 Be7 11. f4 b4 12. Na4 h6 13. Bh4 g5 14. Bg3 d5 15. fxg5 hxg5 16. Be5 Rh6 17. Bxf6 Bxf6 18. Ng3 Qd6 19. c3 O-O-O 20. Qe2 Be5 21. Rxf7 Rdh8 22. Kf2 Rxh2 23. Qe3 d4 24. Qxg5 dxc3 25. bxc3 bxc3 26. Nb6+ Qxb6 27. Qxe5 c4+ 28. Kf3 R2h7 29. Rf6 cxd3 30. Qxc3+ Rc7 31. Qxd3 Rd8 32. Qe3 Qb5 33. Kg4 Rg7+ 34. Kh3 Rh8+ 35. Rh6 Rxg3+ 36. Kxg3 Qe5+ 37. Kf3 Rf8+ 38. Ke2 Qb2+ 39. Kd3 Qxb3+ 40. Ke2 Qb2+ 41. Kd3 Rd8+ 42. Kc4 Qxa1 43. Rh3 Qa4+ 44. Kc3 Qxe4 0-1

[Event "XXII. DBMM Schach"]
[Site "Dresden"]
[Date "2024.01.21"]
[Round "7.3"]
[Board "3"]
[White "Mueller, Mark"]
[Black "Poessel, Christian"]
[Result "0-1"]
[WhiteElo "2059"]
[BlackElo "2010"]
[Annotator "br"]
[PlyCount "64"]
[GameId "489223834062"]
[EventDate "2024.01.18"]
[EventType "team-swiss"]
[EventRounds "7"]
[EventCountry "GER"]
[Tiebreak "Buchholz"]
[SourceTitle "XXII. DBMM Schach"]
[Source "FV Schach e.V."]
[SourceDate "2024.01.21"]
[SourceVersion "1"]
[SourceVersionDate "2024.01.21"]
[SourceQuality "1"]
[WhiteTeam "BA Tempelhof Berlin"]
[BlackTeam "le-tex Leipzig"]
[WhiteTeamCountry "GER"]
[BlackTeamCountry "GER"]

1. d4 Nf6 2. c4 e6 3. Nc3 Bb4 4. f3 d5 5. a3 Be7 6. e4 dxe4 7. fxe4 e5 8. d5 O-O 9. Nf3 Bg4 10. Be3 Nbd7 11. b4 b6 12. Bd3 a5 13. Rb1 axb4 14. axb4 Ra3 15. Nb5 Bxf3 16. gxf3 Ra2 17. Qb3 Rg2 18. Rb2 Rg6 19. Rf2 Nh5 20. Kd2 Nf4 21. Bxf4 exf4 22. Nd4 Ne5 23. h4 Rg3 24. Ke2 g6 25. h5 c5 26. bxc5 Bxc5 27. Qc3 Qg5 28. hxg6 hxg6 29. Rhh2 Ra8 30. Kd1 Ra3 31. Nb3 Bxf2 32. Rxf2 Rxf3 0-1

[Event "XXII. DBMM Schach"]
[Site "Dresden"]
[Date "2024.01.21"]
[Round "7.4"]
[Board "4"]
[White "Heinrich, Thomas"]
[Black "Kettenburg, Stefan"]
[Result "1-0"]
[WhiteElo "2193"]
[BlackElo "2050"]
[Annotator "br"]
[PlyCount "101"]
[GameId "489223834063"]
[EventDate "2024.01.18"]
[EventType "team-swiss"]
[EventRounds "7"]
[EventCountry "GER"]
[Tiebreak "Buchholz"]
[SourceTitle "XXII. DBMM Schach"]
[Source "FV Schach e.V."]
[SourceDate "2024.01.21"]
[SourceVersion "1"]
[SourceVersionDate "2024.01.21"]
[SourceQuality "1"]
[WhiteTeam "le-tex Leipzig"]
[BlackTeam "BA Tempelhof Berlin"]
[WhiteTeamCountry "GER"]
[BlackTeamCountry "GER"]

1. d4 d5 2. Bf4 Nf6 3. e3 c6 4. Nf3 Bf5 5. c4 e6 6. Nc3 Nbd7 7. Qb3 Qc8 8. Rc1 Be7 9. h3 O-O 10. Be2 Rd8 11. O-O Ne4 12. cxd5 Nxc3 13. Qxc3 exd5 14. b4 a6 15. a4 Nb6 16. a5 Nd7 17. Nd2 Nf6 18. Nb3 Ne4 19. Qe1 Bd6 20. f3 Bxf4 21. exf4 Nd6 22. g4 Bd7 23. Bd3 Re8 24. Qh4 g6 25. Rfe1 Qd8 26. Rxe8+ Nxe8 27. Qg5 f6 28. Qh4 Qe7 29. Qe1 Qd6 30. Qd2 Rd8 31. Kg2 Ng7 32. Nc5 Bc8 33. Re1 Re8 34. Rxe8+ Nxe8 35. f5 gxf5 36. Qh6 Qe7 37. Kf2 fxg4 38. hxg4 Nd6 39. g5 Ne8 40. g6 Qg7 41. gxh7+ Kh8 42. Qh2 f5 43. Qh4 Qxh7 44. Qd8 Qh2+ 45. Ke1 Qg1+ 46. Kd2 Qf2+ 47. Be2 Qxd4+ 48. Nd3 Bd7 49. Qxd7 Nf6 50. Qxf5 Kg7 51. Qe5 1-0

[Event "XXII. DBMM Schach"]
[Site "Dresden"]
[Date "2024.01.21"]
[Round "7.1"]
[Board "1"]
[White "Sawatzki, Frank"]
[Black "Schulz, Michael"]
[Result "1-0"]
[WhiteElo "2347"]
[BlackElo "2172"]
[Annotator "br"]
[PlyCount "85"]
[GameId "489223834064"]
[EventDate "2024.01.18"]
[EventType "team-swiss"]
[EventRounds "7"]
[EventCountry "GER"]
[Tiebreak "Buchholz"]
[SourceTitle "XXII. DBMM Schach"]
[Source "FV Schach e.V."]
[SourceDate "2024.01.21"]
[SourceVersion "1"]
[SourceVersionDate "2024.01.21"]
[SourceQuality "1"]
[WhiteTeam "BA Nord/Baubehoerde Hamburg"]
[BlackTeam "SV Osram Berlin"]
[WhiteTeamCountry "GER"]
[BlackTeamCountry "GER"]

1. e4 e6 2. d4 d5 3. Nc3 Bb4 4. e5 c5 5. a3 Ba5 6. b4 cxd4 7. Nb5 Bc7 8. f4 Ne7 9. Nf3 Bd7 10. Nxc7+ Qxc7 11. Bd3 Nbc6 12. O-O a6 13. Qe1 Nf5 14. Qf2 Rc8 15. Bd2 Ne3 16. Rfb1 Nc4 17. Be1 b5 18. Qg3 g6 19. Qg5 h6 20. Qf6 Rg8 21. Qh4 g5 22. Qxh6 gxf4 23. Bxc4 Nxe5 24. Nxe5 Qxe5 25. Bd3 Rh8 26. Bh7 Rxc2 27. Bf2 d3 28. Re1 Re2 29. Rxe2 dxe2 30. Re1 d4 31. Qh3 Bc6 32. Qg4 f5 33. Qh5+ Kd7 34. Rxe2 Qg7 35. Qg6 Qxg6 36. Bxg6 Rg8 37. Bf7 Rxg2+ 38. Kf1 d3 39. Bxe6+ Kc7 40. Bb6+ Kxb6 41. Rxg2 Bxg2+ 42. Kxg2 d2 43. Bb3 1-0

[Event "XXII. DBMM Schach"]
[Site "Dresden"]
[Date "2024.01.21"]
[Round "7.2"]
[Board "2"]
[White "Eisermann, Daniel"]
[Black "Hohlfeld, Wolfgang"]
[Result "1/2-1/2"]
[WhiteElo "2014"]
[BlackElo "2041"]
[Annotator "br"]
[PlyCount "85"]
[GameId "489223834065"]
[EventDate "2024.01.18"]
[EventType "team-swiss"]
[EventRounds "7"]
[EventCountry "GER"]
[Tiebreak "Buchholz"]
[SourceTitle "XXII. DBMM Schach"]
[Source "FV Schach e.V."]
[SourceDate "2024.01.21"]
[SourceVersion "1"]
[SourceVersionDate "2024.01.21"]
[SourceQuality "1"]
[WhiteTeam "SV Osram Berlin"]
[BlackTeam "BA Nord/Baubehoerde Hamburg"]
[WhiteTeamCountry "GER"]
[BlackTeamCountry "GER"]

1. Nf3 d5 2. d4 Nf6 3. c4 dxc4 4. e3 e6 5. Bxc4 c5 6. O-O Nc6 7. Nc3 cxd4 8. exd4 Be7 9. a3 O-O 10. Bf4 a6 11. Rc1 b5 12. Ba2 Bb7 13. d5 exd5 14. Nxd5 Nxd5 15. Bxd5 Rc8 16. Ne5 Nxe5 17. Bxb7 Rxc1 18. Bxc1 Qb6 19. Be4 Bf6 20. Be3 Qe6 21. Qb1 g6 22. Rd1 Nc4 23. Bd5 Qe7 24. Bxc4 bxc4 25. Bd4 Rb8 26. Qc1 Bxd4 27. Rxd4 Rxb2 28. Rxc4 Qf6 29. Rf4 Qc3 30. Rc4 Qxc1+ 31. Rxc1 Ra2 32. g3 Rxa3 33. Rc6 a5 34. Ra6 a4 35. Kg2 Ra1 36. h4 Kg7 37. Kf3 a3 38. Kf4 h6 39. Kf3 Ra2 40. Ke3 Ra1 41. Kf3 Kh7 42. Ra7 Kg7 43. Ra6 1/2-1/2

[Event "XXII. DBMM Schach"]
[Site "Dresden"]
[Date "2024.01.21"]
[Round "7.3"]
[Board "3"]
[White "Hein, Ralf"]
[Black "Lanzendoerfer, Johannes"]
[Result "1/2-1/2"]
[WhiteElo "2018"]
[BlackElo "2207"]
[Annotator "br"]
[PlyCount "32"]
[GameId "489223834066"]
[EventDate "2024.01.18"]
[EventType "team-swiss"]
[EventRounds "7"]
[EventCountry "GER"]
[Tiebreak "Buchholz"]
[SourceTitle "XXII. DBMM Schach"]
[Source "FV Schach e.V."]
[SourceDate "2024.01.21"]
[SourceVersion "1"]
[SourceVersionDate "2024.01.21"]
[SourceQuality "1"]
[WhiteTeam "BA Nord/Baubehoerde Hamburg"]
[BlackTeam "SV Osram Berlin"]
[WhiteTeamCountry "GER"]
[BlackTeamCountry "GER"]

1. c4 e5 2. Nc3 Nf6 3. g3 d5 4. cxd5 Nxd5 5. Bg2 Ne7 6. d3 Nbc6 7. f4 exf4 8. Bxf4 Ng6 9. Qa4 Bd7 10. Qe4+ Be7 11. Nd5 Nxf4 12. Qxf4 Rc8 13. Nf3 O-O 14. Nxe7+ Qxe7 15. Rd1 Rfe8 16. e4 Nd4 1/2-1/2

[Event "XXII. DBMM Schach"]
[Site "Dresden"]
[Date "2024.01.21"]
[Round "7.4"]
[Board "4"]
[White "Gebert Vangeel, Ralf"]
[Black "Buchholz, Robert"]
[Result "1/2-1/2"]
[WhiteElo "2007"]
[BlackElo "1953"]
[Annotator "br"]
[PlyCount "39"]
[GameId "489223834067"]
[EventDate "2024.01.18"]
[EventType "team-swiss"]
[EventRounds "7"]
[EventCountry "GER"]
[Tiebreak "Buchholz"]
[SourceTitle "XXII. DBMM Schach"]
[Source "FV Schach e.V."]
[SourceDate "2024.01.21"]
[SourceVersion "1"]
[SourceVersionDate "2024.01.21"]
[SourceQuality "1"]
[WhiteTeam "SV Osram Berlin"]
[BlackTeam "BA Nord/Baubehoerde Hamburg"]
[WhiteTeamCountry "GER"]
[BlackTeamCountry "GER"]

1. e4 d5 2. exd5 Nf6 3. Nf3 Nxd5 4. d4 Bg4 5. Be2 e6 6. O-O Nc6 7. c4 Nb6 8. Nc3 Be7 9. d5 exd5 10. cxd5 Nb4 11. Qd4 Bxf3 12. Qxg7 Bf6 13. Bb5+ c6 14. Re1+ Kd7 15. Qxf7+ Kc8 16. dxc6 bxc6 17. Qe6+ Kb7 18. Qf7+ Kc8 19. Qe6+ Kb7 20. Qf7+ 1/2-1/2

[Event "XXII. DBMM Schach"]
[Site "Dresden"]
[Date "2024.01.21"]
[Round "7.1"]
[Board "1"]
[White "Gottschalk, Jens"]
[Black "Weiss, Christian"]
[Result "1-0"]
[WhiteElo "2213"]
[BlackElo "2109"]
[Annotator "br"]
[PlyCount "69"]
[GameId "489223834068"]
[EventDate "2024.01.18"]
[EventType "team-swiss"]
[EventRounds "7"]
[EventCountry "GER"]
[Tiebreak "Buchholz"]
[SourceTitle "XXII. DBMM Schach"]
[Source "FV Schach e.V."]
[SourceDate "2024.01.21"]
[SourceVersion "1"]
[SourceVersionDate "2024.01.21"]
[SourceQuality "1"]
[WhiteTeam "R+V Versicherung Wiesbaden"]
[BlackTeam "Gardez Robe Berlin"]
[WhiteTeamCountry "GER"]
[BlackTeamCountry "GER"]

1. d4 d5 2. c4 e6 3. Nf3 Nf6 4. g3 Bd6 5. Bg2 O-O 6. O-O Nc6 7. b3 dxc4 8. bxc4 e5 9. d5 Nb8 10. Bb2 Nbd7 11. c5 Bxc5 12. Nxe5 Nxe5 13. Bxe5 Re8 14. Bb2 Bg4 15. Nc3 Qe7 16. Qb3 Rad8 17. e4 Bd4 18. Kh1 c5 19. f3 Bc8 20. Rad1 Rd6 21. Nb5 Rb6 22. Rxd4 cxd4 23. Bxd4 Rxb5 24. Qxb5 b6 25. e5 Nd7 26. f4 Nb8 27. Qa4 Bb7 28. Kg1 Ba6 29. d6 Qd7 30. Qxd7 Nxd7 31. Rc1 Rc8 32. Rxc8+ Bxc8 33. f5 Nc5 34. Bxc5 bxc5 35. Bc6 1-0

[Event "XXII. DBMM Schach"]
[Site "Dresden"]
[Date "2024.01.21"]
[Round "7.2"]
[Board "2"]
[White "Hoffmann, Michael"]
[Black "Launert, Martin"]
[Result "1-0"]
[WhiteElo "1977"]
[BlackElo "1827"]
[Annotator "br"]
[PlyCount "53"]
[GameId "489223834069"]
[EventDate "2024.01.18"]
[EventType "team-swiss"]
[EventRounds "7"]
[EventCountry "GER"]
[Tiebreak "Buchholz"]
[SourceTitle "XXII. DBMM Schach"]
[Source "FV Schach e.V."]
[SourceDate "2024.01.21"]
[SourceVersion "1"]
[SourceVersionDate "2024.01.21"]
[SourceQuality "1"]
[WhiteTeam "Gardez Robe Berlin"]
[BlackTeam "R+V Versicherung Wiesbaden"]
[WhiteTeamCountry "GER"]
[BlackTeamCountry "GER"]

1. Nf3 d5 2. d4 Nf6 3. e3 c5 4. dxc5 Nc6 5. c3 a5 6. Bb5 Qc7 7. b4 Bg4 8. Nbd2 Ne4 9. Bb2 e6 10. a4 Be7 11. h3 Bxf3 12. Nxf3 O-O 13. O-O Bf6 14. Qb3 Ne5 15. Rfc1 Nxf3+ 16. gxf3 Ng5 17. Kg2 Qe5 18. Bd3 Ne4 19. fxe4 dxe4 20. Bf1 Qg5+ 21. Kh1 Qf5 22. Qc2 Rfd8 23. Rd1 Bh4 24. Kg1 Qf3 25. Bg2 Bxf2+ 26. Kf1 Qxe3 27. Qxf2 1-0

[Event "XXII. DBMM Schach"]
[Site "Dresden"]
[Date "2024.01.21"]
[Round "7.3"]
[Board "3"]
[White "Nischke, Klaus Peter"]
[Black "Schober, Ralf"]
[Result "1-0"]
[WhiteElo "1670"]
[BlackElo "2092"]
[Annotator "br"]
[PlyCount "73"]
[GameId "489223834070"]
[EventDate "2024.01.18"]
[EventType "team-swiss"]
[EventRounds "7"]
[EventCountry "GER"]
[Tiebreak "Buchholz"]
[SourceTitle "XXII. DBMM Schach"]
[Source "FV Schach e.V."]
[SourceDate "2024.01.21"]
[SourceVersion "1"]
[SourceVersionDate "2024.01.21"]
[SourceQuality "1"]
[WhiteTeam "R+V Versicherung Wiesbaden"]
[BlackTeam "Gardez Robe Berlin"]
[WhiteTeamCountry "GER"]
[BlackTeamCountry "GER"]

1. e4 d6 2. d4 Nf6 3. Nc3 e5 4. d5 Be7 5. Bb5+ Nbd7 6. Nf3 O-O 7. O-O Nc5 8. Re1 a5 9. b3 Bg4 10. Ba3 Ncd7 11. Be2 Ne8 12. Qd3 g6 13. Nd1 f5 14. Ne3 fxe4 15. Qxe4 Rf4 16. Qxf4 exf4 17. Nxg4 Nef6 18. Nxf6+ Bxf6 19. Rad1 Bc3 20. Nd2 Nf6 21. Bb5 Qf8 22. Re6 Ne8 23. Ne4 Be5 24. Rxe5 Ng7 25. Nd2 Qf6 26. Re2 Nf5 27. Rde1 Nd4 28. Re8+ Rxe8 29. Rxe8+ Kf7 30. Ne4 Qh4 31. Bd7 f3 32. Bb2 Ne2+ 33. Kf1 fxg2+ 34. Kxg2 Nf4+ 35. Kh1 Qh5 36. Be6+ Nxe6 37. dxe6+ 1-0

[Event "XXII. DBMM Schach"]
[Site "Dresden"]
[Date "2024.01.21"]
[Round "7.4"]
[Board "4"]
[White "Nickel, Arno"]
[Black "Schmidt, Joerg"]
[Result "1-0"]
[WhiteElo "2071"]
[BlackElo "1762"]
[Annotator "br"]
[PlyCount "61"]
[GameId "489223834071"]
[EventDate "2024.01.18"]
[EventType "team-swiss"]
[EventRounds "7"]
[EventCountry "GER"]
[Tiebreak "Buchholz"]
[SourceTitle "XXII. DBMM Schach"]
[Source "FV Schach e.V."]
[SourceDate "2024.01.21"]
[SourceVersion "1"]
[SourceVersionDate "2024.01.21"]
[SourceQuality "1"]
[WhiteTeam "Gardez Robe Berlin"]
[BlackTeam "R+V Versicherung Wiesbaden"]
[WhiteTeamCountry "GER"]
[BlackTeamCountry "GER"]

1. d4 d5 2. Bf4 e6 3. e3 Bd6 4. Bg3 Nf6 5. Nd2 c6 6. Bd3 O-O 7. c3 Re8 8. f4 Nbd7 9. Ngf3 c5 10. Ne5 cxd4 11. exd4 a6 12. O-O b5 13. a3 Qb6 14. Kh1 g6 15. Bh4 Bf8 16. Qe2 Bb7 17. h3 Bg7 18. Rae1 Nf8 19. g4 N6d7 20. Qf2 f5 21. Ndf3 Nf6 22. Bxf6 Bxf6 23. Rg1 Qd8 24. gxf5 Bxe5 25. fxe5 exf5 26. Bxf5 Bc8 27. Bxc8 Qxc8 28. Qh4 Ra7 29. Ng5 Ne6 30. Ref1 Ng7 31. Qxh7# 1-0

[Event "XXII. DBMM Schach"]
[Site "Dresden"]
[Date "2024.01.21"]
[Round "7.1"]
[Board "1"]
[White "Damm, Nils"]
[Black "Zahn, Fabian"]
[Result "1/2-1/2"]
[WhiteElo "1967"]
[BlackElo "1983"]
[Annotator "br"]
[PlyCount "22"]
[GameId "489223834075"]
[EventDate "2024.01.18"]
[EventType "team-swiss"]
[EventRounds "7"]
[EventCountry "GER"]
[Tiebreak "Buchholz"]
[SourceTitle "XXII. DBMM Schach"]
[Source "FV Schach e.V."]
[SourceDate "2024.01.21"]
[SourceVersion "1"]
[SourceVersionDate "2024.01.21"]
[SourceQuality "1"]
[WhiteTeam "DZ Bank Frankfurt"]
[BlackTeam "Siemens Energy Duisburg"]
[WhiteTeamCountry "GER"]
[BlackTeamCountry "GER"]

1. d4 d5 2. Bf4 Nf6 3. Nf3 e6 4. e3 Bd6 5. Bg3 O-O 6. Bd3 c5 7. c3 Qc7 8. Nbd2 Nbd7 9. O-O e5 10. dxe5 Nxe5 11. Nxe5 Bxe5 1/2-1/2

[Event "XXII. DBMM Schach"]
[Site "Dresden"]
[Date "2024.01.21"]
[Round "7.2"]
[Board "2"]
[White "Muranyi, Erich"]
[Black "Garbe, Maximilian"]
[Result "1/2-1/2"]
[WhiteElo "1986"]
[BlackElo "1920"]
[Annotator "br"]
[PlyCount "129"]
[GameId "489223834076"]
[EventDate "2024.01.18"]
[EventType "team-swiss"]
[EventRounds "7"]
[EventCountry "GER"]
[Tiebreak "Buchholz"]
[SourceTitle "XXII. DBMM Schach"]
[Source "FV Schach e.V."]
[SourceDate "2024.01.21"]
[SourceVersion "1"]
[SourceVersionDate "2024.01.21"]
[SourceQuality "1"]
[WhiteTeam "Siemens Energy Duisburg"]
[BlackTeam "DZ Bank Frankfurt"]
[WhiteTeamCountry "GER"]
[BlackTeamCountry "GER"]

1. e4 d6 2. d4 g6 3. Nc3 Bg7 4. Nf3 a6 5. a4 Nc6 6. h3 Nf6 7. Be2 O-O 8. O-O e5 9. Be3 Re8 10. dxe5 dxe5 11. Qxd8 Rxd8 12. Bc4 Bd7 13. Bg5 Be6 14. Bxe6 fxe6 15. Rfd1 h6 16. Be3 Ne8 17. Ne1 Nd4 18. f3 Nd6 19. b3 c5 20. Kf2 Rac8 21. Rab1 b5 22. Ne2 Rf8 23. Ng3 b4 24. Bxd4 cxd4 25. Ke2 h5 26. Nf1 Rc3 27. Rb2 Rfc8 28. Rd3 R3c7 29. Rd2 Bh6 30. Rd1 a5 31. g3 g5 32. g4 hxg4 33. hxg4 Bf8 34. Kf2 Kf7 35. Rd2 Kf6 36. Ng3 Nf7 37. Kg1 Bd6 38. Rh2 Kg6 39. Rb1 Bc5 40. Nd3 Bb6 41. Rb2 Ba7 42. Kf1 Bb8 43. Ke1 Rc3 44. Kd1 Nd8 45. Ne2 R3c6 46. Ne1 Nb7 47. Nc1 Nc5 48. Ncd3 Nxd3 49. Nxd3 Bd6 50. Rb1 R6c7 51. Rc1 Rf7 52. Ke2 Rh7 53. Rxh7 Kxh7 54. Rh1+ Kg7 55. Kd2 Bb8 56. Rh3 Bd6 57. Nb2 Bb8 58. Nc4 Bc7 59. Kd3 Kg6 60. Rh5 Rf8 61. Ke2 Rc8 62. Rh2 Kg7 63. Kd3 Kg6 64. Nb2 Bb8 65. Nc4 1/2-1/2